000 00617nam a2200229Ia 4500
005 20250108124942.0
008 008 250107s9999 xx 000 0 eng d
020 _a81-8143-044-1
037 _aTB
040 _aCRL
_beng
_cCRL
041 _aeng
_2eng
084 _aO152,6N19x Q4
084 _qCRL
100 _aRadhanath Swami Au.
_9730150
245 0 _aJourney home:autobiography of an American swami
_cRadhanath Swami Au.
260 _aMandala
_c2806
300 _axi,344p.
365 _aINR
_b300
650 _aSPIRITUALISM
942 _cTB
_hO152,6N19x Q4
999 _c1235194
_d1235194